| 000 | 00433nam a2200133Ia 4500 | ||
|---|---|---|---|
| 008 | 211109s9999||||xx |||||||||||||| ||und|| | ||
| 082 |
_a920 _bSAT-S |
||
| 100 | _aSathyaprakasham, M | ||
| 245 | 0 | _aSarasakavi Mooloor S Padmanabhapanickar | |
| 260 |
_bDepartment of Cultural Publications _aThiruvananthapuram _c1988 |
||
| 630 | _xGENERAL STACK | ||
| 650 |
_aHistory & geography _vBiography, geneology & insigniaMalayalam |
||
| 942 | _cBOOK | ||
| 999 |
_c40190 _d40190 |
||